Every Territory Owned By Europe - Statistics

General Stats
  • This quiz has been taken 36 times
    11 since last reset
  • The average score is 11 of 36
Answer Stats
Group Continent Territory % Correct
Denmark Europe Faroe Islands
71%
United Kingdom South America Falkland Islands
57%
United Kingdom Europe Gibraltar
57%
Denmark North America Greenland
57%
France Africa Reunion
57%
France Oceania French Polynesia
43%
United Kingdom Europe Guernsey
43%
United Kingdom Europe Jersey
43%
France Africa Mayotte
43%
United Kingdom Oceania Pitcairn Islands
43%
France Oceania Wallis and Futuna
43%
United Kingdom North America Anguilla
29%
Netherlands North America Aruba
29%
United Kingdom North America Bermuda
29%
United Kingdom Asia British Indian Ocean Territory
29%
Netherlands North America Curacao
29%
France South America French Guiana
29%
France North America Guadeloupe
29%
United Kingdom Europe Isle of Man
29%
France North America Martinique
29%
France Oceania New Caledonia
29%
Norway Antarctica Peter I Island
29%
France North America Saint Martin
29%
France North America Saint Pierre and Miquelon
29%
Netherlands North America Sint Maarten
29%
United Kingdom North America Turks and Caicos
29%
United Kingdom Europe Akrotiri and Dhekelia
14%
Norway Antarctica Bouvet Island
14%
Netherlands North America Caribbean Netherlands
14%
United Kingdom North America Cayman Islands
14%
France North America Clipperton Island
14%
France Antarctica French Southern Lands
14%
United Kingdom North America Montserrat
14%
France North America Saint Barthelemy
14%
United Kingdom Africa Saint Helena, Ascension and Tristan De Cunha
14%
United Kingdom Antarctica South Georgia and the South Sandwich Islands
14%
No matching quizzes found
Score Distribution
Percent of People with Each Score
Percentile by Number Answered
Your Score History
You have not taken this quiz since the last reset